000 00455nam a2200181Ia 4500
001 3307
005 20260306145634.0
008 260306t2004||||xx |||||||||||||| ||spa||
041 _aESP
082 _a269.43
_bU893
100 _aUwe Müller, Andreas
_eAUT
245 0 _aEdith Stein, vida de una mujer extraordinaria:
_bbiografía
260 _c2004
300 _a285 páginas :
_c22 cm.
650 _aGEN
654 _aCHU
942 _cLIB
_dJUS
_fJUS
_2ddc
_n
999 _c3307
_d3307